Đang tải...

Annihilation of caste

Chi tiết về thư mục
Tác giả chính: Ambedkar,B.R
Định dạng: Printed Book
Ngôn ngữ:Undetermined
Được phát hành: navayana,
LEADER 00410nam a2200133Ia 4500
008 200324s9999 xx 000 0 und d
082 |a 305.5  |b AMB-A 
100 |a Ambedkar,B.R 
245 0 |a Annihilation of caste 
260 |b navayana, 
300 |a 415p. 
942 |c BK 
999 |c 288179  |d 288179 
952 |0 0  |1 0  |4 0  |6 305_500000000000000_AMBA  |7 0  |9 306715  |a SDE  |b SDE  |d 2018-12-22  |l 0  |o 305.5 AMB-A  |p SDE24189  |r 2020-03-27  |w 2020-03-27  |y BK